| 000 | 01116nam a2200337 c 4500 | ||
|---|---|---|---|
| 999 |
_c88509 _d88509 |
||
| 003 | BLK | ||
| 005 | 20191018115153.0 | ||
| 008 | 180408b bul|||||r ||||||| ||bul|| | ||
| 010 | _aKNG00093202000 | ||
| 040 | _aBLK | ||
| 041 |
_aDEU _cDEU |
||
| 072 | 7 |
_2bullib _aА _xФонд Михаил Арнаудов |
|
| 080 |
_aИдеографическа и логографическа писменост - Египетски иероглифи, клиново писмо и др. _b003.32 _z003.32 |
||
| 100 | 1 |
_aErman, Adolf _eпърви автор _9303207 |
|
| 139 |
_aErman, Adolf _bE 70 |
||
| 245 | 1 | 0 |
_aDie Hieroglyphen _cAdolf Erman. |
| 257 | _aDEU | ||
| 260 |
_bG. J. Goschen _c1917 |
||
| 300 |
_a92 p. _c16 cm |
||
| 380 | _a0 | ||
| 490 | 1 |
_aSammlung Goschen _v608 |
|
| 490 |
_aЧастна колекция - Академик Михаил Арнаудов _9396381 _gДарение - Основен фонд |
||
| 500 | _aМека подв. | ||
| 650 | 4 |
_aЙероглифи _9158009 |
|
| 653 | _aйероглифи | ||
| 659 | _aА | ||
| 852 | _aЦб МА 1799 | ||
| 856 | 4 | _qpdf | |
| 856 | 4 | _qpdf | |
| 942 |
_cKNG _n0 _s1 |
||
| 944 |
_aCR _c11.01.2010 _lф / _kВаля_Йорданова |
||
| 944 |
_aED _c31.08.2016 _lф / _kЛюдмила_Стоянова |
||
| 999 | _d88509 | ||